|
วิทยาลัยพยาบาลบรมราชชนนี ยะลา |
|
แสดงรายละเอียดบรรณานุกรม |
|
|
Brief Record
: Get Marc (ISO 2709)
: E-mail record
: |
|
|
|
| LEADER 00000nam 2200000uu 4500 | |||
| 001 3842 | |||
| 003 ULIBM | |||
| 008 260410s2565||||th 000 0 tha d | |||
| 020 ^a9789740341826 | |||
| 050 4 ^aPL4161^bณ119อ | |||
| 100 0 ^aณฐ อังศุวิริยะ | |||
| 245 10 ^aอักษรและอักขรวิธีไทย/^cณฐ อังศุวิริยะ | |||
| 250 ^aพิมพ์ครั้งที่ 1 | |||
| 260 ^aกรุงเทพฯ :^bสำนักพิมพ์จุฬาลงกรณ์มหาวิทยาลัย,^c2565. | |||
| 300 ^a173หน้า :^bภาพประกอบ;^c26 ซม. | |||
| 650 7 ^aภาษาไทย ^xตัวอักษร | |||
| 650 7 ^aภาษาไทย ^xตัวสะกด | |||
| 650 7 ^aภาษาไทย ^xการเขียน | |||
| 999 ^aฮัซวานี | |||
| คุณยังไม่ได้ล็อกอิน คุณสามารถมีกิจกรรมร่วมกับเว็บไซต์ได้ แต่ต้องล็อกอินก่อน :: |
|
| สถานะ | |||||||||
| 1. | หนังสือทั่วไป | PL4161 ณ119อ 2565 ฉ.1 | ►หนังสือทั่วไปภาษาไทย | On Shelf | |||||
| 2. | หนังสือทั่วไป | PL4161 ณ119อ 2565 ฉ.2 | ►หนังสือทั่วไปภาษาไทย | On Shelf | |||||
| 3. | หนังสือทั่วไป | PL4161 ณ119อ 2565 ฉ.3 | ►หนังสือทั่วไปภาษาไทย | On Shelf | |||||
| 4. | หนังสือทั่วไป | PL4161 ณ119อ 2565 ฉ.4 | ►หนังสือทั่วไปภาษาไทย | On Shelf | |||||
| 5. | หนังสือทั่วไป | PL4161 ณ119อ 2565 ฉ.5 | ►หนังสือทั่วไปภาษาไทย | On Shelf | |||||
| [แสดง 5/5 รายการ] | |||||||||
BibComment |
| คอมเมนท์ทรัพยากรรายการนี้ |
|
|